000 01396cam a22003497a 4500
001 15582132
005 20090326152531.0
008 090102s2009 gw ae 001 0 eng
010 _a 2009378887
015 _aGBA892136
_2bnb
016 7 _a014675423
_2Uk
020 _a9783938780602 (hbk.)
035 _a(OCoLC)ocn213845610
040 _aUKM
_cUKM
_dBTCTA
_dBAKER
_dYDXCP
_dOHX
_dOSU
_dPAU
_dDLC
042 _alccopycat
050 0 0 _aSB472
_b.A15 2009
082 0 0 _a712
_222
_bLAN
245 0 0 _a1000x Landscape Architecture /
_c[selection of projects, Chris van Uffelen ...et al]
246 3 _aOne thousand x landscape architecture
246 3 _aThousand x landscape architecture
250 _a1st ed.
260 _a[Berlin] :
_bBraun,
_c2009.
300 _a1023 p. :
_bcol. ill., plans (some col.) ;
_c34 cm.
500 _a"1000 projects on 1000 pages"--P. [4] of cover.
500 _aIncludes indexes.
650 0 _aLandscape architecture
_vPictorial works.
_97982
650 0 _aLandscape architecture
_vDesigns and plans.
_97983
700 1 _aUffelen, Chris van.
_97984
942 _2ddc
_cBB
999 _c12336
_d12336